[Event "MCR mladeze 2019 - H16"]
[Site "Kouty nad Desnou"]
[Date "2019.03.11"]
[Round "3"]
[White "Novotny, Ondrej"]
[Black "Zeman, Daniel"]
[Result "1-0"]
[WhiteElo "1933"]
[BlackElo "1804"]
[EventDate "2019.03.09"]

1. e4  c5  2. b4  cxb4
3. a3  bxa3  4. Bxa3
d6  5. d4  f5
6. Bd3  fxe4  7. Bxe4  Nf6
8. Bd3  e5  9. Nd2
Nc6  10. d5  Nd4
11. c3  Bf5  12. Bb1
Nb5 13. Bxf5  Nxc3  14. Qb3
Ncxd5  15. Be6  Nc7
16. Bf7+  Ke7  17. Rc1
b5  18. Ngf3  Kd7
19. O-O  a5  20. Rfd1
b4  21. Nc4  Ke7
22. Ncxe5  dxe5 23. Rxc7+ 1-0

[Event "MCR mladeze 2019 - H16"]
[Site "Kouty nad Desnou"]
[Date "2019.03.11"]
[Round "3"]
[White "Krizek, Krystof"]
[Black "Ocko, Dominik"]
[Result "1-0"]
[WhiteElo "1804"]
[BlackElo "1914"]
[EventDate "2019.03.09"]

1. e4  c5  2. Nf3  d6
3. d4  cxd4  4. Nxd4
Nf6  5. Nc3  Nc6
6. Bg5  Qb6  7. Nb3
e6  8. Qd2  Be7
9. O-O-O  a6  10. f4  h6
11. Bxf6  gxf6  12. f5
Bd7  13. Kb1  O-O-O
14. a4  Kb8  15. Be2
Na5  16. Qd4  Qxd4
17. Nxd4  Rhg8  18. Bh5
Rg7  19. Bxf7  e5
20. Nb3  Rxf7  21. Nxa5
Rc8  22. Rd3  Bd8
23. Nb3  Rc4  24. Rhd1
Bxa4  25. Rh3  Bc6
26. Rxh6  Bxe4  27. Nd2
Rxc3  28. bxc3  Bxg2
29. Rg1  Bd5  30. c4
Bc6  31. Rh8  Kc7
32. h4  Kd7  33. c5
d5  34. h5  Ba5
35. Nb3  Bc3  36. h6  e4
37. h7  e3  38. Rd8+
Kxd8  39. h8=Q+  Be8
40. Qh2  Be5  41. Qe2
Re7  42. Rd1  Bc6
43. Na5  Bc3  44. Nc4
Kc7  45. Qh2+  Be5
46. Nxe5  Rxe5  47. c4
e2  48. Re1  Bd7
49. Rxe2  Bxf5+  50. Kb2
1-0

[Event "MCR mladeze 2019 - H16"]
[Site "Kouty nad Desnou"]
[Date "2019.03.11"]
[Round "3"]
[White "Hurtik, Matej"]
[Black "Vorisek, Jakub"]
[Result "1/2-1/2"]
[WhiteElo "1959"]
[BlackElo "2077"]
[EventDate "2019.03.09"]

1. e4  e6  2. d4  d5
3. e5  c5  4. c3
Nc6  5. Nf3  Bd7
6. a3  f6  7. exf6
Nxf6  8. Bd3  c4
9. Bc2  Bd6  10. O-O
Qc7  11. Re1  O-O-O
12. Qe2  e5  13. dxe5
Rde8  14. exd6  Rxe2
15. dxc7  Rxc2  16. Nbd2
Bg4  17. Rb1  Bf5
18. Ra1  Kxc7  19. h3
Rd8  20. Nf1  Bd3
21. Ng5  Kc8  22. Ne3
Re2  23. Rxe2  Bxe2
24. Ne6  Rd7  25. Nc5
Rf7  26. Nf5  Ne8
27. Ng3  Bd3  28. Nxd3
cxd3  29. Be3  Rd7
30. Nf5  Nd6  31. Nxd6+
Rxd6  32. Rd1  Na5
33. Rxd3  Nc4  34. Bc1
b5  35. Kf1  1/2-1/2

[Event "MCR mladeze 2019 - H16"]
[Site "Kouty nad Desnou"]
[Date "2019.03.11"]
[Round "3"]
[White "Fojt, Petr"]
[Black "Kubice, Jakub"]
[Result "1-0"]
[WhiteElo "2058"]
[BlackElo "1605"]
[EventDate "2019.03.09"]

1. Nf3  d5  2. c4  c6
3. d4  Nf6  4. Nbd2
g6  5. e3  Bg7
6. b3  O-O  7. Bb2  Bg4
8. h3  Bxf3  9. Qxf3
e6  10. g4  Qa5
11. Bd3  Nbd7  12. Qg2  c5
13. f4  Rfe8  14. O-O
Rad8  15. Nf3  a6
16. Ne5  cxd4  17. exd4 Re7
18. f5  exf5  19. gxf5
Qb6  20. c5  Qc7
21. Rac1  Nb8  22. fxg6
hxg6  23. Rc2  Nc6
24. Rcf2  Nxe5  25. dxe5
Ne4  26. Bxe4  dxe4
27. e6  Qxc5  28. exf7+
Rxf7  29. Qxg6  Rdf8
30. Kh1  Qc6  31. Qxc6
bxc6  32. Rxf7  Rxf7
33. Rxf7  Kxf7  34. Bxg7
Kxg7  35. Kg2  Kf6
36. Kf2  c5  37. Ke3
Kf5  38. h4  a5
39. h5  a4  40. bxa4  c4
41. h6  1-0

[Event "MCR mladeze 2019 - H16"]
[Site "Kouty nad Desnou"]
[Date "2019.03.11"]
[Round "3"]
[White "Tajovsky, Matej"]
[Black "Barak, David"]
[Result "0-1"]
[WhiteElo "1810"]
[BlackElo "2019"]
[EventDate "2019.03.09"]

1. e4 c5 2. Nf3 Nc6 3. d4 cxd4 4. Nxd4 e5 5. Nb3 Nf6 6. Nc3 Bb4 7. Bd3 Bxc3+ 8.
bxc3 d5 9. exd5 Qxd5 10. O-O O-O 11. Bg5 e4 12. Bxf6 exd3 13. Bh4 Qe4 14. Bg5
dxc2 15. Qd2 Qg6 16. Rac1 Bf5 17. f3 f6 18. Bf4 Rad8 19. Qf2 Rfe8 20. Kh1 Bd3 21.
Rg1 Qf5 22. Be3 b6 23. g4 Qd5 24. g5 f5 25. Rg3 f4 26. Bxf4 Re2 27. Qg1 Rf8 0-1

[Event "MCR mladeze 2019 - FIDE Open"]
[Site "Kouty nad Desnou"]
[Date "2019.03.11"]
[Round "3"]
[White "Kubicek, Antonin"]
[Black "Sikorova, Olga"]
[Result "0-1"]
[WhiteElo "2111"]
[BlackElo "2241"]
[EventDate "2019.03.09"]

1. d4  Nf6  2. Nf3  g6
3. Bg5  Bg7  4. Nbd2
d5  5. e3  c5
6. c3  Qb6  7. Qb3  c4
8. Qa3  Bf8  9. Ne5
Nbd7  10. b3  Nxe5
11. dxe5  e6  12. Qc1
cxb3  13. Rb1  Nd7
14. Rxb3  Qc7  15. Nf3
h6  16. Bh4  a6
17. Bg3  b5  18. Nd4  Nc5
19. Rb1  Bd7  20. Be2
Rc8  21. O-O  Na4
22. Bd3  Qxc3  23. Qxc3
Rxc3  24. Rb3  Ba3
25. f4  O-O  26. Be1
Rxb3  27. axb3  Nc5
28. Bb1  Rc8  29. Ba5
Nb7  30. Bd2  Bb2
31. Kf2  a5  32. Bd3
a4  33. bxa4  bxa4
34. Bb4  Nc5  35. Bb1
a3  36. Rd1  Ba4
37. Rg1  a2  38. Bxa2
Nd3+  39. Kf3  Nxb4
40. Bb1  Bxd4  41. exd4
Bc2  0-1

[Event "MCR mladeze 2019 - FIDE Open"]
[Site "Kouty nad Desnou"]
[Date "2019.03.11"]
[Round "3"]
[White "Pycha, Patrik"]
[Black "Bochnicka, Vladimir"]
[Result "1-0"]
[WhiteElo "2027"]
[BlackElo "2149"]
[EventDate "2019.03.09"]

1. e4  c5  2. Nf3  Nc6
3. Bb5  e6  4. Bxc6
bxc6  5. O-O  d5
6. d3  g6  7. c4
Ne7  8. Nc3  Bg7
9. Rb1  O-O  10. Na4
Qd6  11. b3  Rb8
12. Ba3  Rb4  13. Bxb4
cxb4  14. c5  Qc7
15. Qc2  Ba6  16. Rfe1
Rd8  17. Rbd1  Bb5
18. e5  d4  19. Nb2
Nd5  20. Nc4  Nc3
21. Nd6  Rxd6  22. exd6
Qa5  23. Ra1  Kf8
24. Qd2  Qd8  25. a3
bxa3  26. Rxa3  a6
27. b4  Qf6  28. Ng5
Qf5  29. Ne4  Ke8
30. h3  Kd7  31. Ra5
Qd5  32. Qf4  Qf5
33. Qh4  g5  34. Qxg5
Qxg5  35. Nxg5  Bxd3
36. Nxf7  Bc4  37. Rea1
d3  38. Rxa6  Bxa6
39. Rxa6  Nb5  40. Ra8
Bf6  41. Ra2  Ke8
42. Nh6  Bg5  43. Ra8+
Kd7  44. Ng4  Nxd6
45. cxd6  d2  46. Ra1
Kxd6  47. Rd1  Kd5
48. Ne3+  1-0

[Event "MCR mladeze 2019 - FIDE Open"]
[Site "Kouty nad Desnou"]
[Date "2019.03.11"]
[Round "3"]
[White "Hanl, Frantisek"]
[Black "Vlkova, Anezka"]
[Result "1-0"]
[WhiteElo "2137"]
[BlackElo "1951"]
[EventDate "2019.03.09"]

1. b3  Nf6  2. Bb2  g6
3. e4  Bg7  4. e5
Nd5  5. c4  Nb6
6. f4  c5  7. Nf3  Nc6
8. d4  cxd4  9. Nxd4
O-O  10. Be2  d6
11. Nxc6  bxc6  12. Bf3
Qc7  13. exd6  exd6
14. Bxg7  Re8+  15. Kf2
Kxg7  16. Qd4+  f6
17. Nc3  d5  18. cxd5
Nxd5  19. Nxd5  cxd5
20. Rhc1  Qb6  21. Qxb6
axb6  22. Rc7+  Kh8
23. Bxd5  Ra5  24. Bf7
Rd8  25. b4  Rb5
26. Rac1  Bg4  27. h3
Bd1  28. R1c4  g5
29. Ke1  gxf4  30. Rc8
Re5+  31. Kf2  Rxc8
32. Rxc8+  Kg7  33. Bc4
b5  34. Rc7+  Kg6
35. Bd3+  f5  36. Rb7
Ba4  37. h4  Rd5
38. Be2  Rd2  39. Kf3
Rd4  40. a3  Rd5
41. Kxf4  Rd4+  42. Ke3
Re4+  43. Kf3  Re5
44. Bd3  Rd5  45. Ke3
Kh6  46. g4  Rxd3+
47. Kxd3  fxg4  48. Ke3
Kg6  49. Kf4  h5
50. Rb6+  Kh7  51. Rc6
Bb3  52. Rc5  Bf7
53. Rxb5  1-0

[Event "MCR mladeze 2019 - FIDE Open"]
[Site "Kouty nad Desnou"]
[Date "2019.03.11"]
[Round "3"]
[White "Lajbl, Jan"]
[Black "Londin, Simon"]
[Result "0-1"]
[WhiteElo "1966"]
[BlackElo "2125"]
[EventDate "2019.03.09"]

1. e4  c5  2. Nc3  g6
3. Nf3  Bg7  4. d4
cxd4  5. Nxd4  Nc6
6. Nb3  Bxc3+  7. bxc3
Nf6  8. Bd3  d5
9. exd5  Nxd5  10. c4  Ndb4
11. O-O  O-O  12. Bb2
Qd6  13. a3  Nxd3
14. cxd3  Be6  15. Rc1
Ne5  16. Nd4  Bg4
17. f3  Qb6  18. Rf2
Bd7  19. Qe2  f6
20. h3  Rfe8  21. f4
Nf7  22. f5  Rac8
23. Qe4  Kg7  24. Re1
Nd6  25. Qd5  Rc5
26. Ne6+  Bxe6  27. Qxe6
Rxf5  28. c5  Qxc5
29. d4  Qd5  30. Qd7
Kf7  31. Rfe2  Nc8
32. Qc7  Qc6  33. Qg3
Rd5  34. Re6  Qxe6
35. Rxe6  Kxe6  36. Qe3+
Kf7  37. Qh6  Rh8
38. Qf4  Nd6  39. a4 Rc8
40. Ba3  Nf5  41. Qe4
e6  42. g4  Nxd4
43. Qb1  Rd7  44. Qb4
a6  45. Bb2  e5
46. Bxd4  exd4  47. Qb3+  Kg7
48. Qe6  Rcd8  49. Kf1
d3  50. g5  fxg5
51. Ke1  d2+  52. Kd1
Kh6  53. h4  gxh4
54. Qg4  Rd4  55. Qf3
Re8  0-1

[Event "MCR mladeze 2019 - FIDE Open"]
[Site "Kouty nad Desnou"]
[Date "2019.03.11"]
[Round "3"]
[White "Nagy, Ladislav"]
[Black "Janouch, Jachym Stepan"]
[Result "1-0"]
[WhiteElo "1923"]
[BlackElo "1675"]
[EventDate "2019.03.09"]

1. e4  e5  2. Bc4  d6
3. Nc3  Nf6  4. d3
Be6  5. Nge2  Nc6
6. O-O  Bxc4  7. dxc4
Qd7  8. f3  g6
9. Be3  Bg7  10. Nd5  Nh5
11. Qd2  O-O  12. Rad1
Rad8  13. b4  Rfe8
14. Qd3  b6  15. a4
a5  16. c3  f6
17. b5  Ne7  18. g4  Nf4
19. Bxf4  exf4  20. Nexf4
f5  21. gxf5  gxf5
22. Rde1  Ng6  23. exf5
Ne5  24. Qb1  Nxc4
25. Qa2  Kh8  26. Qxc4
Qxf5  27. Rxe8+  Rxe8
28. Ng2  Qc2  29. Nde3
Qg6  30. Qg4  Qf6
31. Nf5  Rg8  32. Nxg7
Rxg7  33. Qd4  Qg5
34. Qf2  Qf4  35. Qc2
Qe5  36. Kh1  Rg6
37. Qd3  Qg5  38. Qd4+
Kg8  39. Rg1  Qh5
40. Ne1  Rxg1+  41. Kxg1
Qf7  42. Kf2  Qe7
43. Nd3  Qf7  44. Nf4
Qd7  45. Qd5+  Kh8
46. Qe6  Qd8  47. Ke2
Qf8  48. Nd5  Qd8
49. Qf6+  Qxf6  50. Nxf6
1-0

[Event "MCR mladeze 2019 - FIDE Open"]
[Site "Kouty nad Desnou"]
[Date "2019.03.11"]
[Round "3"]
[White "Gemsa, Pavel"]
[Black "Langner, Ladislav"]
[Result "0-1"]
[WhiteElo "1884"]
[BlackElo "2382"]
[EventDate "2019.03.09"]

1. e4  c5  2. Nf3  e6
3. d4  cxd4  4. Nxd4
Nc6  5. c4  Nf6
6. Nc3  Bb4  7. Nxc6  bxc6
8. e5  Ne4  9. Qd4
Qa5  10. Bd2  Nxd2
11. Kxd2  O-O  12. Bd3
f6  13. Rhe1  Rb8
14. exf6  Rxf6  15. Re5
Qb6  16. Qxb6  Rxb6
17. Re2  d5  18. a3
Bd6  19. b4  Bd7
20. h3  Rb8  21. Rb1
Rf4  22. c5  Bc7
23. b5  d4  24. Ne4
cxb5  25. Ng5  Rf6
26. Bxh7+  Kh8  27. g3
g6  28. Ne4  Rbf8
29. Nxf6  Rxf6  30. Bxg6
Rxg6  31. c6  Bxc6
32. Rc1  Ba5+  33. Kd3
Bc3  34. Re5  Bd5
35. h4  a5  36. h5
Rf6  37. f4  b4
38. axb4  axb4  39. Rg5  b3
40. Rxc3  dxc3  41. Kxc3
Rf7  42. h6  Rc7+
43. Kb2  Rc2+  44. Kb1
Re2  0-1

[Event "MCR mladeze 2019 - FIDE Open"]
[Site "Kouty nad Desnou"]
[Date "2019.03.11"]
[Round "3"]
[White "Lorenc, Tomas"]
[Black "Balin, Daniel"]
[Result "1/2-1/2"]
[WhiteElo "2173"]
[BlackElo "1811"]
[EventDate "2019.03.09"]

1. c4  Nf6  2. g3  e5
3. Bg2  d5  4. cxd5
Nxd5  5. Nc3  Nb6
6. Nf3  Nc6  7. a3
a5  8. O-O  Be7
9. d3  Be6  10. Be3  f5
11. Na4  Nxa4  12. Qxa4
O-O  13. Rac1  Qd7
14. Qb5  Bd6  15. Qxb7
Ne7  16. Ng5  e4
17. Rxc7  Qxc7  18. Qxc7
Bxc7  19. Nxe6  Rfc8
20. dxe4  Be5  21. Bc5
Ra6  22. exf5  Rxe6
23. b4  Rxc5  24. fxe6
axb4  25. axb4  Rb5
26. Rd1  g6  27. f4
Bg7  28. Rd7  Bf8
29. Rb7  Rxb7  30. Bxb7
Nf5  31. b5  Bc5+
32. Kg2  Kf8  33. e4
Nd4  34. Bc6  Nxe6
35. h4  Nd4  36. h5
Nxc6  37. bxc6  Ke7
38. hxg6  hxg6  39. Kf3
Kd6  40. Kg4  Bf2
41. f5  gxf5+  42. exf5
Kxc6  43. f6  Kd7
1/2-1/2

[Event "MCR mladeze 2019 - FIDE Open"]
[Site "Kouty nad Desnou"]
[Date "2019.03.11"]
[Round "3"]
[White "Malinovsky, Petr"]
[Black "Sojma, Zdenek"]
[Result "1/2-1/2"]
[WhiteElo "2007"]
[BlackElo "1841"]
[EventDate "2019.03.09"]

1. d4  d5  2. c4  c6
3. Nf3  Nf6  4. e3
Bf5  5. Nc3  e6
6. Nh4  Bg6  7. Nxg6  hxg6
8. Bd3  Bd6  9. f4
Nbd7  10. O-O  a6
11. a3  b5  12. cxd5
cxd5  13. Qe2  O-O
14. Bd2  Nb6  15. b3
Qe7  16. a4  b4
17. Nd1  a5  18. Nf2  Rfc8
19. Rfc1  Rxc1+  20. Rxc1
Rc8  21. Qd1  Rxc1
22. Qxc1  Qc7  23. g4
Qxc1+  24. Bxc1  Kf8
25. Kg2  Nc8  26. g5
Nd7  27. e4  Ndb6
28. Kf3  Ne7  29. Ng4
dxe4+  30. Kxe4  Nbd5
31. Ne5  Nc3+  32. Kf3
Nf5  33. Bxf5  gxf5
34. Nc4  Bc7  35. Ne3
Ke7  36. Nc4  Nd5
1/2-1/2

[Event "MCR mladeze 2019 - FIDE Open"]
[Site "Kouty nad Desnou"]
[Date "2019.03.11"]
[Round "3"]
[White "Kupsa, Matej"]
[Black "Stocek, Martin"]
[Result "1-0"]
[WhiteElo "1987"]
[BlackElo "1704"]
[EventDate "2019.03.09"]

1. c4  e5  2. Nc3  Nf6
3. e4  Nc6  4. d3
Be7  5. Be2  d6
6. Nf3  h6  7. O-O  O-O
8. Ne1  Ne8  9. g4
Bg5  10. Nc2  Bxc1
11. Qxc1  Qh4  12. f3
h5  13. Qe1  Qxe1
14. Raxe1  hxg4  15. fxg4
Ne7  16. Kg2  Ng6
17. Kg3  Nf4  18. Nd5
Nxd5  19. cxd5  Bd7
20. d4  exd4  21. Nxd4
Nf6  22. Bf3  Rfe8
23. g5  Nh7  24. h4
Rac8  25. Kf4  c5
26. dxc6  Bxc6  27. Bg4
Rc7  28. Nf5  Rd8
29. Rd1  d5  30. Bf3
Bb5  31. Rf2  Nf8
32. exd5  Ng6+  33. Kg3
Ne5  34. d6  Rcd7
35. Rd5  Nxf3  36. Rxb5
Ne1  37. Rd2  g6
38. Nh6+  Kg7  39. Re5
Rxd6  40. Rxd6  Rxd6
41. Rxe1  Rd3+  42. Kf4
Rd4+  43. Re4  Rd7
44. Ng4  Rd2  45. Nf6
Rxb2  46. Re8  Rf2+
47. Kg3  Rxf6  48. gxf6+
Kxf6  49. Rb8  1-0

[Event "MCR mladeze 2019 - FIDE Open"]
[Site "Kouty nad Desnou"]
[Date "2019.03.11"]
[Round "3"]
[White "Cibikova, Sofia Anna"]
[Black "Skalka, Jan"]
[Result "1/2-1/2"]
[WhiteElo "1812"]
[BlackElo "1904"]
[EventDate "2019.03.09"]

1. e4  c5  2. Nc3  Nc6
3. g3  d6  4. Bg2
Nf6  5. d3  e6
6. f4  Be7  7. Nge2  Bd7
8. h3  Rb8  9. Be3
b5  10. O-O  b4
11. Nb1  e5  12. fxe5  dxe5
13. Nd2  Be6  14. g4
Nd4  15. Ng3  g6
16. Nf3  Nd7  17. Qd2
Qc7  18. b3  Rd8
19. Ng5  Nb6  20. Nxe6
Nxe6  21. Qf2  Bh4
22. Kh2  Qe7  23. a3
Bg5  24. Bxg5  Nxg5
25. Qf6  Qxf6  26. Rxf6
Rd7  27. a4  Ne6
28. Ne2  O-O  29. Raf1
Rc7  30. R6f2  Nd4
31. Nxd4  cxd4  32. Bf3
Nc8  33. Bd1  Kg7
34. g5  h6  35. gxh6+
Kxh6  36. Rf6  Kg7
37. h4  Ne7  38. Kg3
Ng8  39. R6f2  f6
40. Kh3  Nh6  41. Rg1
Kh7  42. Rfg2  Rg8
43. Rf2  Rf8  44. Rfg2
Rg8  45. Rf2  1/2-1/2

[Event "MCR mladeze 2019 - FIDE Open"]
[Site "Kouty nad Desnou"]
[Date "2019.03.11"]
[Round "3"]
[White "Stastny, Jakub"]
[Black "Broz, Petr"]
[Result "1-0"]
[WhiteElo "1785"]
[BlackElo "1883"]
[EventDate "2019.03.09"]

1. d4  e6  2. c4  Nf6
3. Nc3  Bb4  4. Qc2
O-O  5. a3  Bxc3+
6. Qxc3  b6  7. Bg5
Bb7  8. e3  d6
9. f3  Nbd7  10. Bd3  h6
11. Bh4  c5  12. Ne2
Rc8  13. O-O  Nd5
14. Bxd8  Nxc3  15. Nxc3
cxd4  16. exd4  Rcxd8
17. Nb5  Nf6  18. Nxa7
Rd7  19. Nb5  Ba6
20. Rac1  Ra8  21. Rfd1
Bxb5  22. cxb5  Ra4
23. Rc8+  1-0

[Event "MCR mladeze 2019 - FIDE Open"]
[Site "Kouty nad Desnou"]
[Date "2019.03.11"]
[Round "3"]
[White "Janik, Marek Tobias"]
[Black "Rakovsky, Jakub"]
[Result "1-0"]
[WhiteElo "1676"]
[BlackElo "1727"]
[EventDate "2019.03.09"]

1. c4  c5  2. Nc3  g6
3. g3  Bg7  4. Bg2
e6  5. Nf3  Ne7
6. O-O  d5  7. d3  Nbc6
8. cxd5  exd5  9. Bf4
d4  10. Ne4  Nd5
11. Nd6+  Kf8  12. Nc4
Nxf4  13. gxf4  Be6
14. Nce5  Bd5  15. e4
dxe3  16. fxe3  Bxe5
17. Nxe5  Bxg2  18. Kxg2
Nxe5  19. fxe5  Qg5+
20. Kh1  Qxe3  21. Qb3
Kg7  22. Qxf7+  Kh6
23. Rf3  Rhf8  24. Qxf8+
Kh5  25. Qf6  1-0

[Event "MCR mladeze 2019 - FIDE Open"]
[Site "Kouty nad Desnou"]
[Date "2019.03.11"]
[Round "3"]
[White "Bares, Jachym"]
[Black "Vaculik, Martin"]
[Result "1-0"]
[WhiteElo "2022"]
[BlackElo "1562"]
[EventDate "2019.03.09"]

1. e4  c5  2. b4  cxb4
3. a3  bxa3  4. Bxa3
e6  5. Bxf8  Kxf8
6. Nc3  d5  7. e5
Bd7  8. d4  Ne7
9. f4  Nf5  10. Nf3  Nc6
11. Qd2  h5  12. Na4
b6  13. Bd3  Nce7
14. O-O  Qc7  15. Qb4
Bxa4  16. Rxa4  Kg8
17. Rfa1  g6  18. R1a3
Kg7  19. Rc3  Qb7
20. Ba6  Qd7  21. Qb3
Rhd8  22. Kf2  Nc6
23. Bb5  Nfe7  24. h3
Qb7  25. Ba6  Qd7
26. g4  hxg4  27. hxg4
Na5  28. Qa3  Rh8
29. Kg2  Rag8  30. Ng5
Nec6  31. Bb5  Qb7
32. Qd6  Rc8  33. Bd3
Nc4  34. Bxc4  dxc4
35. Kg3  Na5  36. Ra1
Rhd8  37. Qb4  Qd5
38. Qe7  Rf8  39. Qf6+
Kg8  40. Rf3  Qd8
41. Rh1  Qxf6  42. exf6
Rfd8  43. Rf2  1-0

[Event "MCR mladeze 2019 - FIDE Open"]
[Site "Kouty nad Desnou"]
[Date "2019.03.11"]
[Round "3"]
[White "Klubal, Jiri"]
[Black "Hradek, Matyas"]
[Result "1-0"]
[WhiteElo "1791"]
[BlackElo "1477"]
[EventDate "2019.03.09"]

1. e4  d6  2. d4  Nf6
3. Nc3  g6  4. Nge2
Bg7  5. g3  Nbd7
6. Bg2  c5  7. O-O
O-O  8. h3  cxd4
9. Nxd4  h6  10. Be3
Nb6  11. b3  Kh7
12. a4  Nbd7  13. Ra2
Nc5  14. Re1  a6
15. a5  Ne6  16. Nde2
Nc5  17. b4  Ncd7
18. Nd5  Nxd5  19. exd5
b5  20. axb6  Nxb6
21. Nd4  Nc4  22. Nc6
Nxe3  23. Rxe3  Qb6
24. Rxe7  Bf6  25. Re3
Bb7  26. Rb3  Bxc6
27. dxc6  Be5  28. Qd3
Ra7  29. Qc4  Rc8
30. Rba3  Rca8  31. Qb3
Rc8  32. b5  a5
33. Qd5  Rcc7  34. c4  Bd4
35. Rd3  Bc5  36. Rf3
Kg7  37. Rd3  Ra8
38. Qe4  Rd8  39. Qe1
Bb4  40. Qa1+  Kg8
41. Re2  Bc5  42. Qe1
Kf8  43. Bd5  Qa7
44. Qa1  Kg8  45. Ra2
Bb4  46. Qf6  Re8
47. Qxg6+  Kf8  48. Qxh6+
Kg8  49. Qg5+  Kf8
50. Rf3  1-0

[Event "MCR mladeze 2019 - FIDE Open"]
[Site "Kouty nad Desnou"]
[Date "2019.03.11"]
[Round "3"]
[White "Cipl, Jan"]
[Black "Kanka, Matej"]
[Result "1-0"]
[WhiteElo "1626"]
[BlackElo "1975"]
[EventDate "2019.03.09"]

1. e4  e6  2. d4  a6
3. c4  d5  4. exd5
exd5  5. Nf3  Nf6
6. Nc3  Be7  7. Be2
dxc4  8. Bxc4  O-O
9. h3  b5  10. Bb3
Bb7  11. O-O  Nbd7
12. Bg5  Nb6  13. Re1
b4  14. Na4  Nxa4
15. Bxa4  h6  16. Bh4
g5  17. Bg3  Ne4
18. Bh2  Rc8  19. Ne5
Bd6  20. Bb3  Kg7
21. Rc1  c5  22. d5
f5  23. f3  Nf6
24. Kh1  f4  25. Bg1  Nh5
26. Nd3  Ng3+  27. Kh2
g4 28. Nxc5  Bxc5  29. Bxc5
Rxc5  30. Qd4+  Rf6
31. Rxc5  gxf3  32. gxf3
Bc8 33. Rc6 Nh5  34. Rg1+  Kf8
35. Rxf6+  Nxf6  36. Qxf4
1-0

[Event "MCR mladeze 2019 - FIDE Open"]
[Site "Kouty nad Desnou"]
[Date "2019.03.11"]
[Round "3"]
[White "Novotna, Tereza"]
[Black "Jerabkova, Julia"]
[Result "1-0"]
[WhiteElo "1846"]
[BlackElo "1695"]
[EventDate "2019.03.09"]

1. d4  e6  2. Nf3  Nf6
3. Bf4  c5  4. e3
Nc6  5. Nbd2  d5
6. c3  Bd6  7. Bg3
O-O  8. Bd3  Re8
9. Ne5  Bxe5  10. dxe5
Nd7  11. f4  c4
12. Bc2  Qb6  13. O-O  Qxb2
14. Rc1  Nf8  15. Qe2
Qxa2  16. Nf3  Qa5
17. Bh4  Ne7  18. Ng5
Neg6  19. Qh5  Qxc3
20. Ba4  Qxe3+  21. Bf2
Qxf4  22. Bxe8  f6
23. exf6  gxf6  24. Nxh7
Nxh7  25. Qxg6+  Kh8
26. Bc5  Qc7  27. Be3
Qg7  28. Qh5  e5
29. Bh6  Qe7  30. Bf7
Be6  31. Bxe6  Qxe6
32. Rf3  e4  33. Rg3
Rg8  34. Rxg8+  Qxg8
35. Be3  Qe6  36. Bd4
b5  37. Rf1  Kg7
38. Rf4  e3  39. Rg4+
Kh8  40. Rh4  Qd7
41. Bxf6+  Kg8  42. Qg6+
Kf8  43. Rxh7  1-0

[Event "MCR mladeze 2019 - FIDE Open"]
[Site "Kouty nad Desnou"]
[Date "2019.03.11"]
[Round "3"]
[White "Dejmal, Ondrej"]
[Black "Urbanova, Daniela"]
[Result "1-0"]
[WhiteElo "1557"]
[BlackElo "1786"]
[EventDate "2019.03.09"]

1. e4  d5  2. exd5  Nf6
3. Bb5+  Bd7  4. Be2
Nxd5  5. d4  g6
6. c4  Nb6  7. Nc3  c6
8. c5  Nd5  9. Qb3
Nxc3  10. Qxb7  Nd5
11. Qxa8  Qc7  12. Bd2
Bc8  13. Bc4  Be6
14. Ne2  Bg7  15. Bxd5
Bxd5  16. Bf4  e5
17. dxe5  Bxe5  18. Bxe5
Qxe5  19. O-O  O-O
20. Nc3  Bc4  21. Rfe1
Qxc5  22. Qb7  Qb6
23. Re7  Be6  24. Re1
Qxb7  25. Rxb7 a6  26. a3
Nd7  27. Rc7  Nf6
28. Rxc6  Rb8  29. b4
Ra8  30. a4  Kg7
31. b5  axb5  32. axb5
Bd7  33. Rc7  Rb8
34. Re7  Ra8  35. Rcxd7
Nxd7  36. Rxd7  Ra3
37. Nd1  Rb3  38. Rd5
Kf6  39. Kf1  Rb1
40. Ke2  Ke6  41. Rc5
Kd6  42. Rc6+  Kd7
43. Rf6  Ke7  44. Rb6
h5  45. Rb7+  Ke6
46. b6  Rb5  47. Ne3
f5  48. g3  Rb2+
49. Kf3  Rb3  50. h4
Kf6  51. Rb8  Ke7
52. Kf4  Rb4+  53. Kf3
Rb3  54. b7  Kd7
55. Rh8  Rxb7  56. Rh7+
Kc6  57. Rxb7  Kxb7
58. Kf4  1-0

[Event "MCR mladeze 2019 - D10"]
[Site "Kouty nad Desnou"]
[Date "2019.03.11"]
[Round "4"]
[White "Horkova, Tereza"]
[Black "Barteckova, Valerie"]
[Result "1-0"]
[WhiteElo "1346"]
[BlackElo "1159"]
[EventDate "2019.03.09"]

1. e4  e5  2. Nf3  Nc6
3. Bc4  Nf6  4. Ng5
d5  5. exd5  Na5
6. Bb5+  c6  7. dxc6
Nxc6  8. Qf3  e4
9. Nxe4  Qe7  10. d3
Bd7  11. Be3  Qb4+
12. Nbc3  Qxb2  13. O-O
O-O-O  14. Rab1  Qa3
15. Rb3  Qe7  16. Rfb1
a6  17. Bc5  Qe5
18. Bxf8  Rhxf8  19. Bc4
Nd4  20. Nd6+  Qxd6
21. Qxb7# 1-0

[Event "MCR mladeze 2019 - D10"]
[Site "Kouty nad Desnou"]
[Date "2019.03.11"]
[Round "4"]
[White "Buchtova, Viktorie"]
[Black "Zadrapova, Amalie"]
[Result "0-1"]
[WhiteElo "1233"]
[BlackElo "1317"]
[EventDate "2019.03.09"]

1. e4  c5  2. Nf3  d6
3. d4  cxd4  4. Nxd4
Nf6  5. Nc3  a6
6. Bc4  e6  7. O-O  b5
8. Bb3  b4  9. Nce2
Nxe4  10. Qd3  d5
11. c3  Qc7  12. Bc2
Nc6  13. Nxc6  Qxc6
14. Nd4  Qc7  15. f3
Nf6  16. Re1  bxc3
17. bxc3  Bd6  18. g3
O-O  19. Bg5  Bxg3
20. Bxf6  Bxh2+  21. Kf1
g6  22. Qe3  Bf4
23. Qg1  e5  24. Ne2
Bh3+  25. Kf2  Qc5+
26. Nd4  exd4  27. Bxd4
Qc8  28. Bf6  Bf5
29. Bxf5  Qxf5  30. Bd4
Rfe8  31. Rxe8+  Rxe8
32. Qf1  Qc2+  33. Kg1
Qh2# 0-1

[Event "MCR mladeze 2019 - D10"]
[Site "Kouty nad Desnou"]
[Date "2019.03.11"]
[Round "4"]
[White "Kubatova, Beta"]
[Black "Nechvatalova, Eva"]
[Result "1-0"]
[WhiteElo "1100"]
[BlackElo "1100"]
[EventDate "2019.03.09"]

1. e4  c5  2. c3  d6
3. d4  cxd4  4. cxd4
Nf6  5. Nc3  g6
6. Nf3  Bg7  7. Be2  O-O
8. O-O  Bg4  9. h3
Bxf3  10. Bxf3  Nbd7
11. Bg5  Nb6  12. b3
Rc8  13. Rc1  Rc7
14. Qd3  Qc8  15. Rc2
d5  16. e5  Nh5
17. Bg4  Qd8  18. Rfc1  Re8
19. a4  a5  20. Ne2
Rxc2  21. Rxc2  Qb8
22. Qe3  f5  23. Bxh5
gxh5  24. Qg3  Kh8
25. Nf4  Qd8  26. Nxh5
Rg8  27. Nf4  Bh6
28. h4  Bxg5  29. hxg5
h6  30. Qh4  Qf8
31. Ne6  Qf7  32. Qxh6+
Qh7  33. Rc7  Qxh6
34. gxh6  Rg6  35. Nd8
Rg8  36. Ne6  Rg6
37. Ng7  Kh7  38. Rxe7
Kg8  39. Nxf5  Kh8
40. Rf7  Kg8  41. h7+
Kh8  42. Ne7  Rg4
43. e6  Rxd4  44. Ng6# 1-0